000 01264cam a2200217 4500
001 WB3920-14
008 030528n2003 000 0 eng u
035 _a(Sirsi) u122439
245 _aRICS bridges the regeneration gap
260 _c2003
490 _aRICS News Service
_v27 May 2003 (1)
520 _aRICS has published in conjunction with ODPM "Bridging the gap", a leaflet about gap funding and the state aid rules in respect of public sector support applying to land and property development as well as economic and social regeneration. It lists the approvals that enable regeneration bodies in England to spend their money in accordance with the state rules and describes what can be supported and the maximum level of support. More detailed information on the schemes is available from http://www.bridgingthegap.uk.com. Copies of the leaflet may be got from Neil Johnson on t +44 (0)20 7695 1542 or [email protected]. http://www.rics.org/ricscms/bin/show?class=News&template=/includes/shownews.html&id=5921&faculty=RICS
590 _aWB
650 _aGAP FUNDING
650 _aSTATE AID
650 _aREGIONAL DEVELOPMENT AGENCIES
650 _aJOINT VENTURES
650 _aPOLLUTER PAYS PRINCIPLE
690 _aREGENERATION
942 _n0
999 _c72774
_d72774